00566nam a2200121Ia 4500008004100000041001200041082001500053100002200068245004000090260002200130510025900152650003300411231221s9999 xx 000 0 und d aEnglish a6552 - MBA aJackson, Barbara. 0aMaking the transition to management c2005bMakauaOrme aCourse Introduction 1. Course overview. 2. Completing the pre-work. 3. Performing through others. 4. Accurately perceiving reality and role. 5. Prioritization and time. 6. Understanding done. 7. Accepting responsibility. 8. Implementing what you learned. aMaking,transition,management